000
00241nam a2200097Ia 4500
001
1137592
005
20250827005229.0
008
250824s9999 xx 000 0 und d
245
0
_a
METE HANIN OĞLU
_c
AHMED HALDUN
260
_b
PANAMA YAYINLARI
999
_c
1137592
_d
1137592